Last door to Aiya ; a selection of the best new science fiction from the Soviet Union /

Nine Russian stories about time, space, mechanical beings, life on other planets, and other science fiction themes.

Bibliographic Details
Main Author: Ginsburg, Mirra
Format: Book
Language:English
Undetermined
Published: New York : S. G. Phillips, [1968]
Subjects:

MARC

Tag First Indicator Second Indicator Subfields
LEADER 00000cam a22000001 4500
001 in00000050696
005 20151007073829.0
008 711115s1968 nyu j 00011 eng
010 |a ac 68004312   |z  68016347  
035 |a (OCoLC)00472939 
035 |9 AAF0463AM 
040 |a DLC  |c DLC  |d TXA  |d UtOrBLW 
041 1 |a eng  |a und 
049 |a TXAS  |c [1102632] 
050 0 0 |a PZ1.G388  |b Las 
082 0 |a [Fic] 
100 1 |a Ginsburg, Mirra. 
245 1 0 |a Last door to Aiya ;  |b a selection of the best new science fiction from the Soviet Union /  |c Edited and translated by Mirra Ginsburg. 
264 1 |a New York :  |b S. G. Phillips,  |c [1968] 
264 4 |c [©1968] 
300 |a 192 pages ;  |c 22 cm. 
336 |a text  |b txt  |2 rdacontent 
337 |a unmediated  |b n  |2 rdamedia 
338 |a volume  |b nc  |2 rdacarrier 
520 |a Nine Russian stories about time, space, mechanical beings, life on other planets, and other science fiction themes. 
650 0 |a Science fiction. 
999 |a MARS 
999 f f |s bf1072d4-03ff-3805-8dcf-a96ccadddb95  |i 6861a566-b9b6-304a-86f2-96ccd7f02d1d  |t 0 
952 f f |p noncirc  |a Texas A&M University  |b College Station  |c Cushing Memorial Library & Archives  |d Cushing: Science Fiction (Does not check out)  |t 0  |e PZ1.G388 Las  |h Library of Congress classification  |i unmediated -- volume  |m A14800398214 
998 f f |a PZ1.G388 Las  |t 0  |l Cushing: Science Fiction (Does not check out)